000 00373 a2200169 4500
001 183612
020 _a85-7056-196-2
040 _cMagnum
100 _aAndrade, Telma Guimarães Castro
240 1 0 _aRita está crescendo
_lpor
245 1 0 _aRita está crescendo
300 _a59
362 0 _a1989
440 1 _aAtual
697 _aLITERATURA JUVENIL
942 _cBK
999 _c183612
_d183612